000 00897nam a22001935i 4500
001 171265
003 ES-MaACL
005 20251012063101.0
008 090507s1863 sp |||| | spa d
100 1 _aGarcía Santisteban, Rafael,
_d1829-1893
_9140041
245 1 3 _aEl sueño del pescador
_b: zarzuela en tres actos y en verso /
_cletra de Rafael García y Santisteban ; música de Miguel Albelda.
260 _aMadrid :
_b[s.n.],
_c1863 (
_fImp. de José Rodríguez)
300 _a106 p. ;
_c18 cm.
500 _aEn port.: Estrenada en el teatro de la Zarzuela la noche del 4 de febrero de 1863.
500 _aSolo la letra.
700 1 _aAlbelda, Miguel.
_9140051
852 _aES-MaACL
_jF-8594(9)
_z.- Enc. pasta española
_q.- Falto de la cub. original
_z.- Enc. en un vol. facticio formando parte de la col. facticia"Teatro español moderno", vol.47
999 _c171265
_d171265